000 00923cam a2200289 a 4500
001 1559611
005 20231123005813.0
008 920423s1993 ii b 001 0 eng
020 _a8170362946 (IndiaHb)
020 _a0803994389 (USHb)
040 _aDLC
_cDLC
_dDLC
082 0 0 _a305.4/0954
_220
_bANJ.
100 1 _aVyas, Anju.
245 1 0 _aWomen's studies in India :
_binformation sources, services, and programmes /
_ccompiled by Anju Vyas, Sunita Singh.
260 _aNew Delhi ;
_aNewbury Park, Calif. :
_bSage Publications,
_c1993.
300 _a257 p. ;
650 0 _aWomen's studies
650 0 _aWomen's studies
650 0 _aWomen
650 0 _aWomen's studies
650 0 _aWomen
650 0 _aWomen
700 1 _aSingh, Sunita,
_eedt
856 4 2 _uhttp://www.loc.gov/catdir/enhancements/fy0657/92016714-d.html
856 4 1 _uhttp://www.loc.gov/catdir/enhancements/fy0657/92016714-t.html
942 _cL
999 _c59
_d59